Normal view
MARC view
- Sloan, Philip
Entry Personal Name
001 - CONTROL NUMBER
- control field: 111269
003 - CONTROL NUMBER IDENTIFIER
- control field: NUST
005 - DATE AND TIME OF LATEST TRANSACTION
- control field: 20230324092052.0
008 - FIXED-LENGTH DATA ELEMENTS
- fixed length control field: 230324|| aca||aabn | a|a d
040 ## - CATALOGING SOURCE
- Original cataloging agency: NUST
- Transcribing agency: NUST
100 ## - HEADING--PERSONAL NAME
- Personal name: Sloan, Philip
670 ## - SOURCE DATA FOUND
- Source citation: Work cat.: (NUST)0: Sloan, Philip, author., Sustainability in the hospitality industry :
